Francesco Guccini - Statistics

Statistiche generali
  • Questo quiz è stato fatto 88 volte
  • Il punteggio medio è 10 su 15
Statistiche sulle risposte
Versi Canzone % Corretto
Non so che viso avesse, neppure come si chiamava, Con che voce parlasse, con quale voce poi cantava La locomotiva
90%
Ma s'io avessi previsto tutto questo, dati causa e pretesto, le attuali conclusioni L'avvelenata
89%
Bologna è una vecchia signora dai fianchi un po' molli Col seno sul piano padano ed il culo sui colli Bologna
85%
Un vecchio e un bambino si preser per mano E andarono insieme incontro alla sera Il Vecchio e Il Bambino
85%
Ho visto La gente della mia età andare via Dio è morto
84%
Vedi cara, è difficile a spiegare, è difficile parlare dei fantasmi di una mente. Vedi cara
83%
Venite pure avanti, voi con il naso corto Signori imbellettati, io più non vi sopporto Cirano
79%
Questa domenica in Settembre Non sarebbe pesata cosi' L'estate finiva piu' nature Vent'anni fa o giu' di li' Eskimo
68%
E sorridevi e sapevi sorridere coi tuoi vent'anni portati così Come si porta un maglione sformato su un paio di jeans Farewell
63%
E un'altra volta è notte e suono Non so nemmeno io per che motivo, forse perché son vivo Canzone Di Notte N.2
57%
Sono un tipo antisociale, non m'importa mai di niente Non m'importa dei giudizi della gente ... Non amo viver con tutta la gente Mi piace solo la gente bene Come si dice comunemente "Bene si nasce, non si diviene" Il sociale e l’antisociale
57%
Viene Gennaio silenzioso e lieve, un fiume addormentato Fra le cui rive giace come neve il mio corpo malato, il mio corpo malato Canzone dei dodici mesi
56%
E guardo fuori dalla finestra E vedo quel muro solito che tu sai Quattro Stracci
56%
Sono ancora aperte come un tempo le osterie di fuori porta Canzone delle osterie di fuori porta
47%
Fra fiori tropicali, fra grida di dolcezza La lenta lieve brezza scivolava E piano poi portava frusciando fra la rete L'odore delle sete e della spezia Asia
44%
Nessun quiz corrispondente trovato
Distribuzione punteggi
Percentuale di utenti per punteggio
Percentile per numero di risposta
I tuoi punteggi nel tempo
Non hai fatto questo quiz